000
00318nam a2200133Ia 4500
005
20260328104317.0
008
260328s9999||||xx |||||||||||||| ||und||
100
_a
Segawa, Hugo
245
0
_a
Arquiteturas no Brasil 1900-1989 /
_c
Hugo Segawa
260
_b
Edusp
300
_a
224 p.
650
_a
BRAZIL
942
_c
BK
999
_c
11183
_d
11183